Writing skills : (Record no. 8345)
[ view plain ]
| 000 -LEADER | |
|---|---|
| fixed length control field | 01224cam a22003255a 4500 |
| 003 - CONTROL NUMBER IDENTIFIER | |
| control field | EG-ScBUE |
| 005 - DATE AND TIME OF LATEST TRANSACTION | |
| control field | 20200109131250.0 |
| 008 - FIXED-LENGTH DATA ELEMENTS--GENERAL INFORMATION | |
| fixed length control field | 090430r19961983enka f 000 0 eng d |
| 020 ## - INTERNATIONAL STANDARD BOOK NUMBER | |
| International Standard Book Number | 0521281431 (Teacher's Book) |
| 020 ## - INTERNATIONAL STANDARD BOOK NUMBER | |
| International Standard Book Number | 0521281423 (Student's Book) |
| 020 ## - INTERNATIONAL STANDARD BOOK NUMBER | |
| International Standard Book Number | 9780521281423 |
| 040 ## - CATALOGING SOURCE | |
| Original cataloging agency | EG-ScBUE |
| Language of cataloging | eng |
| Description conventions | rda |
| Transcribing agency | EG-ScBUE |
| Modifying agency | EG-ScBUE |
| 082 04 - DEWEY DECIMAL CLASSIFICATION NUMBER | |
| Classification number | 808.042076 |
| Item number | COE |
| Edition number | 22 |
| 100 1# - MAIN ENTRY--PERSONAL NAME | |
| Personal name | Coe, Norman, |
| Relator term | author. |
| 9 (RLIN) | 4484 |
| 245 10 - TITLE STATEMENT | |
| Title | Writing skills : |
| Remainder of title | a problem-solving approach for upper-intermediate and more advanced students / |
| Statement of responsibility, etc | Norman Coe, Robin Rycroft, Pauline Ernest. |
| 250 ## - EDITION STATEMENT | |
| Edition statement | Fifteenth printing. |
| 264 #1 - PUBLICATION, DISTRIBUTION, ETC. (IMPRINT) | |
| Place of publication, distribution, etc | Cambridge : |
| Name of publisher, distributor, etc | Cambridge University Press, |
| Date of publication, distribution, etc | 1996. |
| 300 ## - PHYSICAL DESCRIPTION | |
| Extent | 95 pages : |
| Other physical details | illustrations ; |
| Dimensions | 25 cm |
| 336 ## - CONTENT TYPE | |
| Source | rdacontent |
| Content type term | text |
| Content type code | txt |
| 337 ## - MEDIA TYPE | |
| Source | rdamedia |
| Media type term | unmediated |
| Media type code | n |
| 338 ## - CARRIER TYPE | |
| Source | rdacarrier |
| Carrier type term | volume |
| Carrier type code | nc |
| 590 ## - LOCAL NOTE (RLIN) | |
| Local note | Abdullah samir |
| 650 #7 - SUBJECT ADDED ENTRY--TOPICAL TERM | |
| Topical term or geographic name as entry element | English language |
| General subdivision | Composition and exercises. |
| Source of heading or term | BUEsh |
| 9 (RLIN) | 4485 |
| 650 #7 - SUBJECT ADDED ENTRY--TOPICAL TERM | |
| Topical term or geographic name as entry element | English language |
| General subdivision | Rhetoric. |
| Source of heading or term | BUEsh |
| 9 (RLIN) | 4486 |
| 653 ## - INDEX TERM--UNCONTROLLED | |
| Resource For college | Humanities: English |
| Arrived date list | January2020 |
| 655 ## - INDEX TERM--GENRE/FORM | |
| Form subdivision | Reading book |
| 700 1# - ADDED ENTRY--PERSONAL NAME | |
| Personal name | Rycroft, Robin. |
| Fuller form of name | (Robin) |
| Relator term | author. |
| 9 (RLIN) | 4487 |
| 700 1# - ADDED ENTRY--PERSONAL NAME | |
| Personal name | Ernest, Pauline, |
| Relator term | author. |
| 9 (RLIN) | 4488 |
| 942 ## - ADDED ENTRY ELEMENTS (KOHA) | |
| Koha item type | Book - Borrowing |
| Call number prefix | 808.042076 COE |
| Source of classification or shelving scheme | Dewey Decimal Classification |
| Withdrawn status | Lost status | Source of classification or shelving scheme | Damaged status | Not for loan | Collection code | Home library | Current library | Shelving location | Date acquired | Source of acquisition | Total Checkouts | Full call number | Barcode | Date last seen | Date checked out | Price effective from | Koha item type | Cost, normal purchase price | Serial Enumeration / chronology | Total Renewals |
|---|---|---|---|---|---|---|---|---|---|---|---|---|---|---|---|---|---|---|---|---|
| Dewey Decimal Classification | Alahram | Central Library | Central Library | Second Floor | 30/04/2009 | 2 | 808.042076 COE | 000009939 | 15/07/2025 | 18/01/2015 | 04/03/2008 | Book - Borrowing | ||||||||
| Dewey Decimal Classification | Alahram | Central Library | Central Library | Second Floor | 30/04/2009 | 4 | 808.042076 COE | 000016321 | 15/07/2025 | 20/02/2016 | 30/04/2009 | Book - Borrowing | 40.00 | 357 | 2 |